পিসি হার্ডওয়্যার ও এ্যাসেম্বল গাইড (Record no. 12017)
[ view plain ]
| 000 -LEADER | |
|---|---|
| fixed length control field | 00904nam a2200265 a 4500 |
| 001 - CONTROL NUMBER | |
| JCCL Control Number | 12017 |
| 003 - CONTROL NUMBER IDENTIFIER | |
| JCCL marc code | BD-JhCC |
| 005 - DATE AND TIME OF LATEST TRANSACTION | |
| control field | 20210304124436.0 |
| 008 - FIXED-LENGTH DATA ELEMENTS--GENERAL INFORMATION | |
| fixed length control field | 210304b20012010bg a|||| ||a| 000 0 mul d |
| 020 ## - INTERNATIONAL STANDARD BOOK NUMBER | |
| International Standard Book Number | 9847027700893 |
| 035 ## - SYSTEM CONTROL NUMBER | |
| system control number | (BD-JhCC)12017 |
| 040 ## - CATALOGING SOURCE | |
| Original cataloging agency | BD-JhCC |
| Modifying agency | BD-JhCC |
| 041 ## - LANGUAGE CODE | |
| Language code of Book | mul |
| 082 ## - DEWEY DECIMAL CLASSIFICATION NUMBER | |
| Classification number | 004.22 |
| Author mark and Year | KHA 2010 |
| 100 ## - MAIN ENTRY--PERSONAL NAME | |
| Personal name | খান, মোঃ আজিজুর রহমান |
| 245 ## - TITLE STATEMENT | |
| Title | পিসি হার্ডওয়্যার ও এ্যাসেম্বল গাইড |
| Statement of responsibility, etc | মোঃ আজিজুর রহমান খান |
| 260 ## - PUBLICATION, DISTRIBUTION, ETC. (IMPRINT) | |
| Place of publication, distribution, etc | ঢাকা : |
| Name of publisher, distributor, etc | জ্ঞানকোষ প্রকাশনী; |
| Date of publication, distribution, etc | ২০১০. |
| 300 ## - PHYSICAL DESCRIPTION | |
| Pagination | 364 p. : |
| Dimensions | 24 cm. |
| 650 ## - SUBJECT ADDED ENTRY--TOPICAL TERM | |
| Topical term or geographic name as entry element | Computer organization |
| 650 ## - SUBJECT ADDED ENTRY--TOPICAL TERM | |
| Topical term or geographic name as entry element | Computer engineering |
| 650 ## - SUBJECT ADDED ENTRY--TOPICAL TERM | |
| Topical term or geographic name as entry element | Computer architecture |
| 650 ## - SUBJECT ADDED ENTRY--TOPICAL TERM | |
| Topical term or geographic name as entry element | System design--Data processing |
| 942 ## - ADDED ENTRY ELEMENTS (KOHA) | |
| Source of classification or shelving scheme | Dewey Decimal Classification |
| Koha item type | Books |
| Source of classification or shelving scheme | Damaged status | Not for loan | Home library | Current library | Shelving location | Date of accession | Cost, normal purchase price | Total Checkouts | Full call number | Barcode | Date last seen | Copy number | Koha item type |
|---|---|---|---|---|---|---|---|---|---|---|---|---|---|
| Dewey Decimal Classification | JCC Rouf Library | JCC Rouf Library | General Stacks | 03/04/2021 | 255.00 | 004.22 KHA 2010 | 16447 | 03/04/2021 | C-1 | Books |